Quizzes
Events
Quiz Creation
Community
Videos
Private Events
Remove Ads
Sign In
Join for FREE
Feedback
Dark Mode
Quiz Categories
Sports
Geography
Music
Movies
Television
Just For Fun
Miscellaneous
History
Literature
Language
Science
Gaming
Entertainment
Religion
Holiday
For Kids
Quiz Lab
Recent
Popular Today
Quiz Kudos Today
Editor Picks
Curator Picks
Quizzes by...
Day
Popularity
Type
Ratings
Length
Year
Community
Subscriptions
Recent Discussions
Orange Saloon
Badges
Playlists
Quests
Create
Leaderboards
Showdown
Live 5
Trivia Bingo
Activity
Puzzle Library
Sporcle Events
Private Events
Virtual Trivia
Globe League
Become a Host
Pub Owners
SporcleCon
Opinionation
Our Games
Videos
Blog
Mobile Apps
Partnerships
Remove Ads and Go Orange
Feedback
Movies
Disney
Marvel Cinematic Universe
Movie Resume
Movie Titles
Oscar
Actor
Actress
Director
Pixar
Role
Movie Quotes
Movie Characters
Box Office
Nominee
Best Picture
Star Wars
James Bond
Horror Movies
Movies
Disney
Marvel Cinematic Universe
Movie Resume
Movie Titles
Oscar
Actor
Actress
Director
Pixar
Role
Movie Quotes
Movie Characters
Box Office
Nominee
Best Picture
Star Wars
James Bond
Horror Movies
Random Quiz
Search Sporcle
×
Quiz Lab
Quiz Lab
Movies
Oscar
Type in answers that appear in a list
Type in answers that appear in a list
Classic
Best Score? Go Orange.
Best Director Match-Up 3 Stats
Can you name the Academy Award winning directors and the films for which they won?
By
Hejman
7m
57 Questions
541 Plays
541 Plays
541 Plays
Comments
Comments
Give Quiz Kudos
Give Quiz Kudos
-
- Ratings
hide this ad
Replay
Link that replays current quiz
Next Quiz
Link to next quiz in quiz playlist
You Got
0%
They Got
Avg Score
74%
Avg Friend Score
Upgrade to see
Score Distribution
Jump to the score distribution portion of the page
Score
0/57
Timer
07:00
5
Plays Today
% Correct
٭James Cameron٭
98.9%
٭James Cameron٭
98.9%
٭James Cameron٭
98.9%
٭Clint Eastwood٭
98.3%
٭Mel Gibson٭
98.3%
٭Clint Eastwood٭
98.3%
٭Mel Gibson٭
98.3%
٭Clint Eastwood٭
98.3%
٭Mel Gibson٭
98.3%
٭Oliver Stone٭
96.7%
٭Oliver Stone٭
96.7%
٭Oliver Stone٭
96.7%
٭Steven Soderbergh٭
93.3%
٭Steven Soderbergh٭
93.3%
٭Steven Soderbergh٭
93.3%
٭Warren Beatty٭
92.4%
٭Warren Beatty٭
92.4%
٭Warren Beatty٭
92.4%
٭Richard Attenborough٭
88.4%
٭Richard Attenborough٭
88.4%
٭Richard Attenborough٭
88.4%
٭Miloš Forman٭
87.6%
٭Miloš Forman٭
87.6%
٭Miloš Forman٭
87.6%
٭Bob Fosse٭
82.4%
٭Bob Fosse٭
82.4%
٭Bob Fosse٭
82.4%
٭William Wyler٭
73.6%
٭William Wyler٭
73.6%
% Correct
٭William Wyler٭
73.6%
٭Vincente Minnelli٭
70.2%
٭Vincente Minnelli٭
70.2%
٭Vincente Minnelli٭
70.2%
٭Michael Curtiz٭
67.7%
٭Michael Curtiz٭
67.7%
٭Michael Curtiz٭
67.7%
٭John Avildsen٭
61.9%
٭John Avildsen٭
61.9%
٭John Avildsen٭
61.9%
٭Carol Reed٭
60.4%
٭Carol Reed٭
60.4%
٭Carol Reed٭
60.4%
٭George Stevens٭
50.8%
٭George Stevens٭
50.8%
٭George Stevens٭
50.8%
٭Franklin Schaffner٭
49.5%
٭Franklin Schaffner٭
49.5%
٭Franklin Schaffner٭
49.5%
٭Delbert Mann٭
47.3%
٭Delbert Mann٭
47.3%
٭Delbert Mann٭
47.3%
٭Frank Lloyd٭
47.1%
٭Frank Lloyd٭
47.1%
٭Frank Lloyd٭
47.1%
٭Norman Taurog٭
46.2%
٭Norman Taurog٭
46.2%
٭Norman Taurog٭
46.2%
Quiz Playlist
Details
Report
Send in Message
Add To Playlist
Classic:
Type in answers that appear in a list
Last Updated: Sep 10, 2017
Quiz Scoreboard
CHALLENGE
Sign Up to Join the Scoreboard
Show All
Scores
Hide
Comments
May contain spoilers
Recently Published
Street Fighter Characters
by Artimus82
Gaming
60s
9x9 Crossword: Cartoon Network
by jackfrog10
Miscellaneous
3m
College Basketball Coaching Resumes
by pancakes188
Sports
9m
More to Explore
Quiz From the Vault
Featured Blog Post
Where Did the Easter Bunny Come From?
hide this ad
You Might Also Like...
Tags
Director Quiz
Oscar Quiz
Today's Top Quizzes in Movies
Browse Movies
hide this ad
Today's Top Quizzes in Oscar
Browse Oscar
Top Contributed Quizzes in Movies
1
Pick 5 Posters: Directed by Spielberg
2
7-to-1: Pixar Characters
3
Pick 5 Posters: Lowest-Rated Spielberg
4
Hidden Star Wars Character II
5
Sorting Actors
6
Sorting Actresses
7
Pick 5 Posters: Directed by Scorsese
8
Hidden Star Wars Character III
9
Pick 5 Posters: Star & Director
10
Hidden Star Wars Character IV
Explore More
Trending Topics
Marvel
Anime
NBA
Disney
Crossword
Kpop
Harry Potter
WWE
Country
Soccer
NFL
Song
Pokémon
Puzzle
The Office
hide this ad
More By:
Hejman
Quiz
Plays
Rating
Category
Featured
Created
College Sports Logos
565,626
4.30
Sports
Jan 2, 2010
Bible or Quran?
556,647
4.35
Religion
Sep 13, 2011
Un-evolved Logos
492,341
4.29
Miscellaneous
Oct 25, 2010
Harry Potter Family Tree
491,445
3.83
Literature
May 16, 2011
History by Bobblehead
446,071
4.00
History
Apr 23, 2010
Go to Creator's Profile
Score Distribution
Quiz Creator Spotlight
Hejman
Follow
Send a Message
Quizzes Created
-
Created Quiz Play Count
-
More By This Creator
Popular Quizzes Today
1
Find the US States - No Outlines Minefield
2
Find the Countries of Europe - No Outlines Minefield
3
The Countries of the World
4
Find the US States
5
Risky Map Clicking: Biggest States A-Z
6
US States
7
Popular People in 1961
8
Movies - When Are They Set?
More Movies Quizzes
Only one answer needed! Marvel Edition
Curator's Pick
Trending Quizzes
Risky Map Clicking: Least Populous States A-Z
1-10 Letter G Words
Risky Map Clicking: Next State Alphabetically
Adjectives in 80s TV Shows
The Seven Year Switch: Catherine
Recently Updated
Leaping Animals
pecheneg
Reality TV Shows (A-Z)
bhenderson79
Rickey Henderson's Hall of Fame Teammates
pecheneg
Champions League XIs: Arsenal
pecheneg
Quick Pick: Celebrities in WWE's Hall of Fame
aduchscher
A-Z Keypad Blitz II
pecheneg
Multiple Oscar Actors
pecheneg
Mystery Phrase Blitz: Oscar 'Best Actors'
pecheneg
F. Scott Fitzgerald Novels
LTH
Pick 3 Villains
ddd62291
Trending Topics
Anime
Disney
NBA
Kpop
Crossword
Harry Potter
Marvel
WWE
Puzzle
Country
Pokémon
The Office
Song
NFL
Soccer
Your Account Isn't Verified!
In order to create a playlist on Sporcle, you need to verify the email address you used during registration. Go to your
Sporcle Settings
to finish the process.
Report this User
Report this user for behavior that violates our
Community Guidelines
.
Details:
Send Report
Go to the Sporcle.com Mobile Site →
Comments